|
|
|
|
| LEADER |
00000nab a2200000 ar4500 |
| 001 |
vtls010094521 |
| 003 |
SK-MaSNL |
| 005 |
20260303081136.0 |
| 008 |
100512c2010 xo mr|p|||||||000 b|slo |
| 015 |
|
|
|a SNBRB2010/05
|2 snkbucl
|
| 038 |
|
|
|a SNKBUCL
|
| 040 |
|
|
|a SNKBUCL
|b slo
|c SNKBUCL
|e AACR2
|
| 041 |
0 |
|
|a slo
|
| 044 |
|
|
|a xo
|c SK
|
| 080 |
|
|
|a 72.036.3
|x (437.6)
|2 2001
|
| 100 |
1 |
|
|a Glancey, Jonathan
|4 aut
|9 300841
|
| 245 |
1 |
0 |
|a Modernistický odkaz v súčasnej slovenskej architektúre
|c Jonathan Glancey, Vladimír Šimkovič
|
| 300 |
|
|
|b Fotogr.
|
| 500 |
|
|
|a Poznámky
|
| 650 |
0 |
7 |
|a slovenská architektúra
|2 snkbucl
|9 2967
|
| 650 |
0 |
7 |
|a modernizmus (architektúra)
|2 snkbucl
|9 1083963
|
| 650 |
0 |
7 |
|a moderná architektúra, slovenská
|2 snkbucl
|9 1083964
|
| 700 |
1 |
|
|a Šimkovič, Vladimír,
|d 1953-
|4 aut
|9 218916
|
| 773 |
0 |
|
|t ARCH
|g Roč. 15, č. 4 (2010), s. 50-53
|x 1335-3268
|
| 852 |
|
|
|a SNK
|b KIS3GCP
|
| 958 |
|
|
|a SK
|
| 999 |
|
|
|c 1783370
|d 1785300
|